[Event "Rhein Main op-A 20th"]
[Site "Bad Homburg"]
[Date "2017.06.16"]
[Round "4"]
[White "Widla, Piotr"]
[Black "Soppa, Christoph"]
[Result "1-0"]
[WhiteElo "2020"]
[BlackElo "1903"]
[PlyCount "65"]
[EventDate "2017.06.14"]
[EventType "swiss"]
[EventRounds "7"]
[EventCountry "GER"]
[SourceTitle "EXT 2018"]
[Source "ChessBase"]
[SourceDate "2017.10.13"]
[SourceVersion "1"]
[SourceVersionDate "2017.10.13"]
[SourceQuality "1"]

1. e4 d5 2. exd5 Qxd5 3. Nc3 Qa5 4. d4 Nf6 5. Nf3 Bf5 6. Bd2 c6 7. Bc4 e6 8. 0-0 Qc7 9. Re1 Nbd7 10. h3 0-0-0 11. a4 Nb6 12. Bd3 Bxd3 13. cxd3 h6 14. Rc1 a6 15. Ne4 Nbd5 16. Ne5 Bd6 17. Nxd6+ Rxd6 18. b4 Rf8 19. b5 Nd7 20. Nc4 g5 21. Nxd6+ Qxd6 22. bxc6 bxc6 23. Qc2 Nb8 24. Rb1 Rd8 25. Rb2 Kd7 26. Rb7+ Ke8 27. Reb1 Rc8 28. Qd1 Nd7 29. Qh5 e5 30. dxe5 Nxe5 31. Re1 Kd8 32. d4 Qg6 33. Qe2 1-0

[Event "Rhein Main op-A 18th"]
[Site "Bad Homburg"]
[Date "2015.06.04"]
[Round "2"]
[White "Niebergall, Gerhard"]
[Black "Soppa, Christoph"]
[Result "1/2-1/2"]
[WhiteElo "2051"]
[BlackElo "1860"]
[PlyCount "123"]
[EventDate "2015.06.03"]
[EventType "swiss"]
[EventRounds "7"]
[EventCountry "GER"]
[SourceTitle "CBM 167 Extra"]
[Source "ChessBase"]
[SourceDate "2015.09.14"]
[SourceVersion "1"]
[SourceVersionDate "2015.09.14"]
[SourceQuality "1"]

1. d4 d5 2. c4 e6 3. Nc3 f5 4. Nf3 Nf6 5. Bf4 c6 6. e3 Be7 7. Bd3 0-0 8. Ne5 Ne4 9. Bxe4 fxe4 10. 0-0 Nd7 11. Nxd7 Bxd7 12. c5 Be8 13. Rb1 g5 14. Be5 Bg6 15. b4 b5 16. a4 a6 17. Ra1 h5 18. Ra2 Bf6 19. Bd6 Be7 20. Be5 Bf6 21. Bd6 Be7 22. Bxe7 Qxe7 23. Qc2 Kg7 24. Rfa1 Qb7 25. axb5 axb5 26. Ra5 Rxa5 27. Rxa5 Ra8 28. Qa2 Rxa5 29. Qxa5 Qd7 30. Qb6 Be8 31. Qb8 g4 32. Ne2 Bf7 33. Nf4 Qe8 34. Qxe8 Bxe8 35. Nxe6+ Kf6 36. Nd8 Bd7 37. Nb7 Kg5 38. Nd6 Kf6 39. Kf1 Be6 40. Ke2 Kg5 41. f3 exf3+ 42. gxf3 Kh4 43. fxg4 hxg4 44. Kf2 Kh3 45. Kg1 g3 46. hxg3 Kxg3 47. e4 Kf3 48. exd5 Bxd5 49. Kf1 Ke3 50. Ke1 Kd3 51. Nf5 Be4 52. Nd6 Kxd4 53. Kd2 Bg6 54. Nb7 Kc4 55. Na5+ Kxb4 56. Nxc6+ Kxc5 57. Ne5 Bf5 58. Kc3 b4+ 59. Kb2 Kb5 60. Nf3 Bg6 61. Nd4+ Kc4 62. Nc6 1/2-1/2

[Event "Karl Mala Memorial op 09th"]
[Site "Frankfurt"]
[Date "2005.07.30"]
[Round "5"]
[White "Soppa, Christoph"]
[Black "Haftmann, Rainer"]
[Result "1/2-1/2"]
[WhiteElo "1528"]
[BlackElo "1829"]
[PlyCount "101"]
[EventDate "2005.07.28"]
[EventType "swiss"]
[EventRounds "7"]
[EventCountry "GER"]
[SourceTitle "EXT 2006"]
[Source "ChessBase"]
[SourceDate "2005.11.24"]
[SourceVersion "1"]
[SourceVersionDate "2005.11.24"]
[SourceQuality "1"]

1. d4 Nf6 2. c4 e6 3. Nc3 d5 4. e3 c6 5. Nf3 Be7 6. a3 a5 7. Bd3 0-0 8. 0-0 Nbd7 9. Bd2 Re8 10. Qc2 dxc4 11. Bxc4 b5 12. Bd3 Bb7 13. Ne4 Nxe4 14. Bxe4 Nf6 15. Bd3 Rc8 16. Qd1 b4 17. axb4 axb4 18. Ba6 Qb6 19. Bxb7 Qxb7 20. Qe2 Ne4 21. Rfc1 c5 22. dxc5 Nxc5 23. Rc2 Nb3 24. Rxc8 Rxc8 25. Rb1 Qe4 26. Qd1 Nxd2 27. Nxd2 Qd3 28. Nf3 Qc2 29. Qxc2 Rxc2 30. Nd4 Rc4 31. b3 Rc3 32. Kf1 Bf6 33. Ne2 Rd3 34. Ke1 g5 35. h3 h5 36. g3 Kg7 37. g4 h4 38. Kf1 Be5 39. Kg2 Rd2 40. Ng1 f5 41. Nf3 Rb2 42. Rxb2 Bxb2 43. Nxg5 Kf6 44. f4 fxg4 45. hxg4 Bc1 46. Kf2 e5 47. Nf3 exf4 48. exf4 Bxf4 49. Nxh4 Kg5 50. Ng2 Kxg4 51. Ne3+ 1/2-1/2

[Event "Karl Mala Memorial op 09th"]
[Site "Frankfurt"]
[Date "2005.07.28"]
[Round "1"]
[White "Soppa, Christoph"]
[Black "Hilbenz, Guntram"]
[Result "0-1"]
[WhiteElo "1528"]
[BlackElo "2076"]
[PlyCount "68"]
[EventDate "2005.07.28"]
[EventType "swiss"]
[EventRounds "7"]
[EventCountry "GER"]
[SourceTitle "EXT 2006"]
[Source "ChessBase"]
[SourceDate "2005.11.24"]
[SourceVersion "1"]
[SourceVersionDate "2005.11.24"]
[SourceQuality "1"]

1. d4 Nf6 2. c4 e6 3. Nc3 Bb4 4. Bd2 c5 5. dxc5 0-0 6. Nf3 Na6 7. e3 Nxc5 8. a3 Bxc3 9. Bxc3 Nfe4 10. Bd4 a5 11. Be2 a4 12. Qc2 Qa5+ 13. Kf1 b6 14. Rd1 Bb7 15. Nd2 Rfc8 16. f3 Nxd2+ 17. Rxd2 Nb3 18. Rd1 Nxd4 19. Rxd4 d5 20. Qb1 dxc4 21. Bxc4 Rxc4 22. Rxc4 Ba6 23. Kf2 Qd2+ 24. Kg3 Bxc4 25. e4 Rd8 26. h4 e5 27. Kh3 Be6+ 28. g4 h5 29. Rg1 Qf2 30. Qf1 Rd2 31. Qxf2 Rxf2 32. Kg3 Rxb2 33. gxh5 Kh7 34. f4 Rb3+ 0-1